[Event "GER-chT U12"]
[Site "Schney"]
[Date "2013.12.27"]
[Round "2.3"]
[White "Muehlpfordt, Thomas"]
[Black "Mann, Jasmina"]
[Result "1-0"]
[WhiteElo "1120"]
[BlackElo "1149"]
[PlyCount "113"]
[EventDate "2013.12.27"]
[EventType "team-swiss"]
[EventRounds "7"]
[EventCountry "GER"]
[SourceTitle "EXT 2015"]
[Source "ChessBase"]
[SourceDate "2014.11.20"]
[SourceVersion "1"]
[SourceVersionDate "2014.11.20"]
[SourceQuality "1"]
[WhiteTeam "Lambsheim"]
[BlackTeam "Stadtilm Blau Weiss"]
[WhiteTeamCountry "GER"]
[BlackTeamCountry "GER"]

1. e4 d5 2. exd5 Qxd5 3. Nc3 Qa5 4. d4 c6 5. Bd2 Qc7 6. Bc4 Nf6 7. Nf3 Bg4 8. 0-0 e6 9. h3 Bh5 10. Re1 Bd6 11. Bg5 Nbd7 12. Re3 0-0 13. Qe1 h6 14. Bh4 Bf4 15. Rd3 Nd5 16. Nxd5 cxd5 17. Bb3 Rfe8 18. Ba4 a6 19. Rc3 Qd6 20. Bxd7 Qxd7 21. Ne5 Qd6 22. Rf3 Bxf3 23. Nxf3 Qc7 24. c3 f6 25. Bg3 Bxg3 26. fxg3 e5 27. dxe5 fxe5 28. Rd1 Rad8 29. Qf2 e4 30. Nd4 e3 31. Qf3 Re5 32. Re1 Rde8 33. Qe2 Qf7 34. Rf1 Qg6 35. Kh2 Rf8 36. Nf3 Re4 37. Re1 Rfe8 38. Nd4 Rf8 39. Nf3 Qd6 40. Rd1 Rf6 41. Rd4 Re8 42. Rg4 h5 43. Rg5 g6 44. h4 Re4 45. Qd3 d4 46. Qxe4 Re6 47. Qxd4 Qxd4 48. cxd4 e2 49. Re5 Rxe5 50. dxe5 Kf7 51. Kg1 Ke6 52. Kf2 e1Q+ 53. Kxe1 b6 54. Kd2 a5 55. Kc3 Ke7 56. Kc4 Ke6 57. Kb5 1-0

[Event "GER-chT U10"]
[Site "Magdeburg"]
[Date "2012.12.29"]
[Round "7.3"]
[White "Schmidt, Friedrich"]
[Black "Mann, Jasmina"]
[Result "1-0"]
[WhiteElo "864"]
[BlackElo "891"]
[PlyCount "93"]
[EventDate "2012.12.27"]
[EventType "team-swiss"]
[EventRounds "7"]
[EventCountry "GER"]
[SourceTitle "EXT 2014"]
[Source "ChessBase"]
[SourceDate "2013.11.20"]
[SourceVersion "1"]
[SourceVersionDate "2013.11.20"]
[SourceQuality "1"]
[WhiteTeam "Magdeburg USC"]
[BlackTeam "Stadtilm Blau Weiss"]
[WhiteTeamCountry "GER"]
[BlackTeamCountry "GER"]

1. e4 e5 2. Nf3 Nc6 3. Bc4 Bc5 4. c3 Nf6 5. d4 exd4 6. cxd4 Bb4+ 7. Bd2 Bxd2+ 8. Nbxd2 d5 9. exd5 Nxd5 10. h3 0-0 11. 0-0 Nf4 12. Re1 Bd7 13. Qc2 Qf6 14. Nb3 Bf5 15. Qd2 Ne6 16. d5 Qg6 17. Kh2 Na5 18. Nxa5 Nc5 19. Ne5 Qd6 20. Qf4 Bg6 21. g3 f6 22. Nxg6 hxg6 23. Qxd6 cxd6 24. b4 Nd7 25. Nxb7 Ne5 26. Rec1 Rab8 27. Nxd6 Rxb4 28. Rab1 Rxb1 29. Rxb1 Rd8 30. f4 Nf3+ 31. Kg2 Nd4 32. Ne4 Nf5 33. Kf3 Nd6 34. Nxd6 Rxd6 35. Rc1 Rb6 36. Rd1 Rd6 37. Re1 Kf8 38. Re6 Rxe6 39. dxe6 Ke7 40. g4 g5 41. Ke4 a5 42. fxg5 fxg5 43. Kf5 a4 44. Kxg5 a3 45. Kg6 Kf8 46. h4 Ke7 47. Kxg7 1-0